|
|
|
|
| LEADER |
00000cam a2200000 7i4500 |
| 001 |
0000041256 |
| 005 |
20190217.0 |
| 008 |
140718 |
| 020 |
|
|
|a 9789833372690
|
| 020 |
|
|
|a 9833372690
|
| 020 |
|
|
|a 9833372694
|
| 090 |
0 |
0 |
|a 297.382
|b MUH
|
| 100 |
1 |
|
|a Muhammad Mokhtar
|
| 245 |
1 |
0 |
|a Magnet rezeki dengan solat duha
|c Muhammad Mokhtar
|
| 260 |
|
|
|a Selangor :
|b PTS Millennia Sdn. Bhd ,
|c 2009
|
| 300 |
|
|
|a 140p. ;
|c 22.8cm.
|
| 541 |
0 |
0 |
|c Purchased on 2018
|f 2018/9 NTR
|h RM14.00
|
| 650 |
|
0 |
|a Prayers and devotions
|x Islam
|
| 650 |
|
0 |
|a Prayers
|x Islam
|
| 999 |
|
|
|a 0001262497
|b Book
|c Adult Collection
|e Cawangan AEON Kulaijaya
|
| 999 |
|
|
|a 0001527860
|b Book
|c Adult Collection
|e Cawangan Bandar Penawar
|
| 999 |
|
|
|a 0001527861
|b Book
|c Adult Collection
|e Cawangan Batu Pahat
|
| 999 |
|
|
|a 0001527862
|b Book
|c Adult Collection
|e Cawangan Tangkak
|
| 999 |
|
|
|a 0001527863
|b Book
|c Adult Collection
|e Cawangan Segamat
|
| 999 |
|
|
|a 0001527864
|b Book
|c Adult Collection
|e Cawangan Mersing
|
| 999 |
|
|
|a 0001527865
|b Book
|c Adult Collection
|e Cawangan Sri Merlong
|
| 999 |
|
|
|a 0001527866
|b Book
|c Adult Collection
|e Cawangan Bandar Tenggara
|
| 999 |
|
|
|a 0001527867
|b Book
|c Adult Collection
|e Cawangan Kota Tinggi
|
| 999 |
|
|
|a 0001527868
|b Book
|c Adult Collection
|e Cawangan Bukit Gambir
|
| 999 |
|
|
|a 0001527869
|b Book
|c Adult Collection
|e Cawangan Tmn. Ungku Tun Aminah
|
| 999 |
|
|
|a 0001527870
|b Book
|c Adult Collection
|e Cawangan Pontian
|
| 999 |
|
|
|a 0001527871
|b Book
|c Adult Collection
|e Cawangan Taman Sri Lambak
|
| 999 |
|
|
|a 0001528867
|b Book
|c Adult Collection
|e Perbadanan Perpustakaan Awam Johor
|
| 999 |
|
|
|a 0001528868
|b Book
|c Adult Collection
|e Perbadanan Perpustakaan Awam Johor
|
| 999 |
|
|
|a 0001528869
|b Book
|c Adult Collection
|e Cawangan Urban Transformation Centre
|
| 999 |
|
|
|a 0001528870
|b Book
|c Adult Collection
|e Cawangan AEON Kulaijaya
|